Revista Derecho del Trabajo

Bibliographic Details
Format: Serial
Language:Spanish
Published: Madrid : Fundacion Universitas, 2005-
Subjects:
Online Access:http://www.vlex.com/source/6870

MARC

LEADER 00000nas a22000007a 4500
005 20130118152631.0
007 cr|||| ||||
008 130118e2005 sp z|||ss|||| 00| a spa d
035 |a 6870 
040 |a vLex 
090 |c 3558  |d 3558 
245 0 0 |a Revista Derecho del Trabajo  |h [Recurso electrn̤ico] 
256 |a Servicio en ln̕ea 
260 |a Madrid :  |b Fundacion Universitas,   |c 2005- 
300 |a 1 Recurso electrn̤ico 
650 0 4 |a Derecho laboral y Seguridad Social 
740 |a vLex Revistas (Servicio en ln̕ea) 
856 |a Acceso restringido  |u http://www.vlex.com/source/6870 
942 |c REV 
999 0 |a Labor laws and legislation